000
00315 a2200109 4500
001
ART_8445
005
20260410161833.0
008
260409a
245
1
0
_a
El costo de importar
100
1
_a
Fratalocchi, Aldo
773
0
_t
Contabilidad y administración
_g
- Año 3, Nº 25 (jul. 1979)
_w
REV5485
999
_c
23422
_d
23422